000
00282nam a22001337a 4500
020
_a
0-7214-61-4
082
_a
823
_b
LEW/K
100
_a
LEWS RALPHA BRENDA
245
_a
KINGA AND QUEENS
260
_a
ENGLAND
_b
LADYBIRD
300
_a
51
650
_a
ENGLISH STORY
_z
UK
942
_c
BK
999
_c
1842
_d
1842